| 000 | 00752nam a2200217 a 4500 | ||
|---|---|---|---|
| 001 | 10515 | ||
| 003 | CO-ViMGA | ||
| 008 | 141112s2004 ck r 000 u spa d | ||
| 040 |
_aCO-ViMGA _bspa _cCO-ViMGA |
||
| 082 | 0 | 4 | _a986.611 P17b2 |
| 100 | 1 |
_aPolo ; Alvaro Yie, _914172 |
|
| 245 | 1 | 0 | _aPasto 450 años de Historia y Cultura |
| 260 |
_aMedellín : _bEditorial Lealon, _cInstituto Andino de Artes populares del Convenio Andres Bello, _c1988 |
||
| 300 | _a466p. | ||
| 490 | _aEdiciones Andionariñenses | ||
| 650 | 1 | 4 |
_aCULTURA - PASTO - COLOMBIA _914173 |
| 650 | 1 | 4 |
_aPASTO - COLOMBIA - CONDICIONES ECONOMICAS _914174 |
| 650 | 1 | 4 |
_aPASTO - COLOMBIA - CONDICIONES SOCIALES _914175 |
| 650 | 1 | 4 |
_aPASTO - COLOMBIA - HISTORIA _914176 |
| 942 |
_2ddc _cBK |
||
| 999 |
_c21841 _d21841 |
||